Statistics for 60 Second Blitz - US Presidents

Click here to take the quiz!

General Stats

  • This quiz has been taken 1,223 times
  • The average score is 29 of 44

Answer Stats

Answer % Correct
George Washington
94%
George H.W. Bush
91%
George W. Bush
91%
John Quincy Adams
91%
John Adams
91%
Barack Obama
88%
Andrew Johnson
86%
Lyndon B. Johnson
86%
Franklin D. Roosevelt
83%
Theodore Roosevelt
83%
Thomas Jefferson
79%
Bill Clinton
79%
Abraham Lincoln
78%
John F. Kennedy
72%
Ronald Reagan
72%
Gerald Ford
71%
Richard Nixon
71%
Jimmy Carter
70%
James Monroe
70%
Andrew Jackson
70%
James Madison
69%
William H. Harrison
64%
Benjamin Harrison
64%
James Polk
60%
Dwight Eisenhower
59%
Ulysses S. Grant
59%
John Tyler
58%
Zachary Taylor
56%
William Taft
56%
Harry Truman
55%
Martin Vanburen
55%
Grover Cleveland
54%
Grover Cleveland
54%
Herbert Hoover
52%
Woodrow Wilson
52%
Rutherford B. Hayes
49%
Calvin Coolidge
49%
James Buchanan
48%
Millard Fillmore
48%
Franklin Pierce
47%
James Garfield
46%
Chester Arthur
42%
Warren G. Harding
41%
William McKinley
40%

Score Distribution

Percentile by Number Answered

Percent of People with Each Score

Your Score History

You have not taken this quiz